000 00893nam a22002537a 4500
005 20251108172702.0
008 250721s2003 xx 000 0 ara d
082 1 4 _a298.2/بري
100 1 _aبرير، مايكل
_eمؤلف
245 1 0 _aالكتاب المقدس والإستعمار الإستيطاني :
_bامريكا اللا تينية ،جنوب إفريقية ، فلسطين /
264 1 _aعمان :
_bالأهلية،
_c2003.
300 _a420ص
650 1 7 _aالكتاب القدس
650 1 7 _aأميركا اللا تينية
650 1 7 _aفلسطين
650 1 7 _aالصهيونية
650 1 7 _aجنوب إفريقيا
650 1 7 _aحرب البوير 1899_1902
650 1 7 _aالتمييز العنصري
700 1 _aالجمل، أحمد
_eمترجم
700 1 _aمنى، زياد
_eمترجم مشارك
942 _2ddc
_cBK
999 _c85921
_d85921